IELTS Masterclass: Class Audio CDs

Detalles Bibliográficos
Autor principal: Haines S. Simon
Sumario:В одном комплекте
Lenguaje:inglés
Publicado: New York, Oxford University Press, 2006
Materias:
Formato: MixedMaterials Audiom
KOHA link:https://koha.lib.tpu.ru/cgi-bin/koha/opac-detail.pl?biblionumber=134896

MARC

LEADER 00000nim0a2200000 4500
001 134896
005 20231031135859.0
010 |a 9780194575362 
035 |a (RuTPU)RU\TPU\book\146208 
090 |a 134896 
100 |a 20080404d2006 m y0engy50 ba 
101 0 |a eng 
102 |a US 
105 |a y j 000zy 
126 |a agbuhxx||||||сd 
127 |a hhmmss 
128 |a zz  |b uu  |c uu 
200 1 |a IELTS Masterclass  |b Electronic resource  |e Class Audio CDs  |f S. Haines 
203 |a Text  |c electronic 
210 |a New York  |c Oxford University Press  |d 2006 
215 |a 2 Audio CD-ROM 
300 |a В одном комплекте 
610 1 |a английский язык 
610 1 |a лексика 
610 1 |a грамматика 
610 1 |a разговорная речь 
610 1 |a упражнения 
610 1 |a учебные пособия 
610 1 |a CD-ROM курс 
686 |a Ш143.21-923  |v LBC/SL-A  |2 rubbk 
700 1 |a Haines  |b S.  |g Simon 
801 1 |a RU  |b 63413507  |c 20080404  |g PSBO 
801 2 |a RU  |b 63413507  |c 20101004  |g PSBO 
942 |c BK